000 00780nam a2200193Ia 4500
003 IN-BaIIA
008 211028s9999 xx 000 0 eng d
020 _a963-05-1063-4
040 _cIIA Library
080 _a082.2:52
_bIAU-C29
111 _n29th
_cBudapest, Hungary
_d1975 Sep. 1-5
_99805
245 0 _aMultiple Periodic Variable Stars
_bproceedings of the international Astronomical Union colloquium no. 29 Multiple Periodic Variable Stars, held in Budapest, Hungary, 1–5 Sept.ember 1975
_cedited by W. S. Fitch
260 _aBudapest
_bAkademiai Kiado
_c1976
300 _a[various pagings.]
650 _aAstronomy and Astrophysics thesaurus
650 _aVariable Stars
_91140
700 _aFitch, W. S., ed.
_99806
942 _cBK
999 _c5644
_d5644